[Event "Titled Tuesday intern op 08th Aug Early"]
[Site "Chess.com INT"]
[Date "2023.08.08"]
[Round "1"]
[White "Sakun, Volodymyr"]
[Black "Afanasieva, Alexandra"]
[Result "1-0"]
[WhiteElo "2370"]
[BlackElo "1857"]
[PlyCount "135"]
[EventDate "2023.08.08"]
[EventType "swiss (blitz)"]
[EventRounds "11"]
[EventCountry "USA"]
[SourceTitle "EXT 2024"]
[Source "ChessBase"]
[SourceDate "2023.10.10"]
[SourceVersion "1"]
[SourceVersionDate "2023.10.10"]
[SourceQuality "1"]

1. d4 d5 2. c4 Nf6 3. cxd5 Nxd5 4. Nf3 Nc6 5. e4 Nb6 6. d5 Nb8 7. Nc3 Bg4 8. h3 Bh5 9. g4 Bg6 10. Ne5 N8d7 11. Nxg6 hxg6 12. Bg2 c6 13. 0-0 Qc7 14. Be3 e6 15. dxe6 fxe6 16. Qb3 Kf7 17. Rac1 Bc5 18. Nb5 cxb5 19. Qxb5 a6 20. Qb3 Rac8 21. Bxc5 Nxc5 22. Qf3+ Ke7 23. b4 Rcf8 24. Qe3 Nbd7 25. bxc5 Qf4 26. Qa3 Kf7 27. Rfd1 Ne5 28. Rb1 Kg8 29. Rb2 Nc4 30. Qb3 Nxb2 31. Qxb2 g5 32. Rd7 Rf7 33. Rxb7 Rxb7 34. Qxb7 Kh7 35. Qb1 Rf8 36. Qc2 Rd8 37. e5+ Kh6 38. Qb3 Qc1+ 39. Bf1 Qf4 40. Qxe6+ Kh7 41. Qf5+ Qxf5 42. gxf5 Rd5 43. e6 Rxc5 44. Bd3 Kg8 45. Kg2 Kf8 46. Kg3 Ke7 47. Kg4 Kf6 48. f4 gxf4 49. Kxf4 Rc3 50. Ke4 Ra3 51. Bb1 Ra5 52. Kd4 Rb5 53. Bd3 Rb4+ 54. Kd5 Ra4 55. Bc4 Ra5+ 56. Kd6 Rxf5 57. e7 Re5 58. Bxa6 Rxe7 59. Bc4 Re1 60. a4 Rd1+ 61. Kc5 Rh1 62. a5 Rxh3 63. a6 Ra3 64. Kb6 Ke5 65. a7 g5 66. Ba6 Rb3+ 67. Kc7 Rc3+ 68. Kd7 1-0

[Event "Titled Tuesday intern op 08th Aug Early"]
[Site "Chess.com INT"]
[Date "2023.08.08"]
[Round "7"]
[White "Sakun, Volodymyr"]
[Black "Demchenko, Anton"]
[Result "1/2-1/2"]
[WhiteElo "2370"]
[BlackElo "2619"]
[PlyCount "153"]
[EventDate "2023.08.08"]
[EventType "swiss (blitz)"]
[EventRounds "11"]
[EventCountry "USA"]
[SourceTitle "EXT 2024"]
[Source "ChessBase"]
[SourceDate "2023.10.10"]
[SourceVersion "1"]
[SourceVersionDate "2023.10.10"]
[SourceQuality "1"]

1. e4 e5 2. Nf3 Nc6 3. Bb5 a6 4. Ba4 Nf6 5. d3 d6 6. h3 g6 7. 0-0 Bg7 8. Nc3 0-0 9. Be3 b5 10. Bb3 Na5 11. Qd2 c5 12. Bg5 Nxb3 13. axb3 Bb7 14. Nh2 Qc7 15. Ng4 Nh5 16. Ne3 f6 17. Ned5 Qf7 18. Bh6 g5 19. Bxg7 Qxg7 20. Ne3 Qd7 21. Nf5 d5 22. Qe2 Nf4 23. Qe1 Kh8 24. Kh2 Rad8 25. g3 Ne6 26. Nxd5 Bxd5 27. exd5 Qxd5 28. Rxa6 Rfe8 29. Qe4 Qxe4 30. dxe4 Rd2 31. Ne3 Kg7 32. Kg2 Nd4 33. Rb6 b4 34. c3 Nxb3 35. cxb4 cxb4 36. Rxb4 Nc5 37. Rc4 Ne6 38. b4 Nd4 39. Rb1 Ra8 40. Rc7+ Kg6 41. Nd5 Raa2 42. Rf1 h5 43. Ne7+ Kf7 44. Nd5+ Ke8 45. Nxf6+ Kd8 46. Rd7+ Kc8 47. Rd5 h4 48. Rxe5 hxg3 49. Kxg3 Ne2+ 50. Kg4 Nf4 51. Rxg5 Nd3 52. Kf5 Nxf2 53. h4 Nd3 54. Rg3 Nxb4 55. h5 Rh2 56. Kg6 Nc6 57. Kg7 Ne5 58. h6 Ra7+ 59. Kg8 Rxh6 60. Rg7 Rxg7+ 61. Kxg7 Rh4 62. Rc1+ Kb7 63. Nd5 Rxe4 64. Kf6 Nc6 65. Nc3 Re3 66. Kf5 Rf3+ 67. Ke4 Rh3 68. Nd5 Rh4+ 69. Kd3 Rh3+ 70. Kc4 Rh4+ 71. Kc5 Ne5 72. Kd6 Nd3 73. Rb1+ Ka7 74. Ra1+ Kb7 75. Rb1+ Ka7 76. Ra1+ Kb7 77. Rb1+ 1/2-1/2

[Event "Titled Tuesday intern op 08th Aug Early"]
[Site "Chess.com INT"]
[Date "2023.08.08"]
[Round "5"]
[White "Sakun, Volodymyr"]
[Black "Talibov, Shiroghlan"]
[Result "1-0"]
[WhiteElo "2370"]
[BlackElo "2337"]
[PlyCount "113"]
[EventDate "2023.08.08"]
[EventType "swiss (blitz)"]
[EventRounds "11"]
[EventCountry "USA"]
[SourceTitle "EXT 2024"]
[Source "ChessBase"]
[SourceDate "2023.10.10"]
[SourceVersion "1"]
[SourceVersionDate "2023.10.10"]
[SourceQuality "1"]

1. d4 d5 2. Bf4 c5 3. e3 Nc6 4. Nf3 Nf6 5. dxc5 Qa5+ 6. Nbd2 Bg4 7. Be2 Qxc5 8. 0-0 e6 9. Rc1 Rd8 10. Ne5 Bxe2 11. Qxe2 Bd6 12. Nxc6 Qxc6 13. Bxd6 Qxd6 14. c4 0-0 15. cxd5 Qxd5 16. Nb3 b6 17. Qc4 Qe5 18. Qc3 Qh5 19. h3 h6 20. Nd4 Rd7 21. Qc6 Rfd8 22. Qb5 Rd5 23. Qc6 Rg5 24. Qf3 Qh4 25. Rfd1 Rdd5 26. Nc6 Kh7 27. Rxd5 Rxd5 28. Nd4 e5 29. Nf5 Qg5 30. Ng3 Qg6 31. Qf5 Qxf5 32. Nxf5 g6 33. Ne7 Rd2 34. Rc7 Rxb2 35. Nc6 Kg8 36. Rxa7 Ne4 37. Nxe5 Nxf2 38. Rxf7 Nd3 39. Nxd3 Rxa2 40. Rf2 Ra3 41. Rd2 b5 42. Kf2 Kg7 43. Ke2 Ra1 44. Rb2 Rg1 45. Kf3 Rd1 46. Nf4 g5 47. Ne2 Rf1+ 48. Ke4 Rf2 49. g4 Rh2 50. Kf3 Rxh3+ 51. Ng3 Kg6 52. Rxb5 Rh2 53. Rb6+ Kh7 54. Nf5 Rh3+ 55. Ke4 h5 56. Rh6+ Kg8 57. Rxh5 1-0

[Event "Morshyn All Ukranian 1st"]
[Site "Morshyn"]
[Date "2023.07.08"]
[Round "7"]
[White "Korobov, Yuriy"]
[Black "Sakun, Volodymyr"]
[Result "0-1"]
[WhiteElo "2086"]
[BlackElo "2370"]
[PlyCount "166"]
[EventDate "2023.07.08"]
[EventType "swiss (rapid)"]
[EventRounds "9"]
[EventCountry "UKR"]
[SourceTitle "CBM 215 Extra"]
[Source "ChessBase"]
[SourceDate "2023.09.30"]
[SourceVersion "1"]
[SourceVersionDate "2023.09.30"]
[SourceQuality "1"]

1. d4 Nf6 2. Bf4 d6 3. e3 Nbd7 4. Nf3 g6 5. Bc4 e6 6. 0-0 Bg7 7. Nbd2 Qe7 8. Bb3 e5 9. Bg5 h6 10. Bh4 0-0 11. c3 Qe8 12. Qc2 Kh8 13. dxe5 dxe5 14. Nc4 Nh5 15. e4 Nc5 16. Ne3 Nxb3 17. axb3 Be6 18. Rad1 f5 19. exf5 gxf5 20. Rfe1 Qf7 21. Nc4 Bxc4 22. bxc4 e4 23. Nd4 Nf4 24. Re3 Qxc4 25. b3 Qf7 26. g4 Qg6 27. h3 fxg4 28. Qxe4 Nxh3+ 29. Kg2 Nf4+ 30. Kg1 Qxe4 31. Rxe4 Rae8 32. Rde1 Rxe4 33. Rxe4 Nd5 34. Rxg4 Rf4 35. Rxf4 Nxf4 36. Nb5 c6 37. Nd6 b5 38. c4 a6 39. Bg3 Ne2+ 40. Kf1 Nc1 41. cxb5 cxb5 42. Ne8 a5 43. Bc7 Nxb3 44. Nd6 b4 45. Nc4 a4 46. Bd6 a3 47. Nxa3 bxa3 48. Bxa3 Kh7 49. Kg2 Kg6 50. Bb4 Kf5 51. Kg3 Nd4 52. Kh4 Ne6 53. Kh5 Nf4+ 54. Kh4 Nd3 55. Bd2 Nxf2 56. Bxh6 Bxh6 57. Kg3 Ng4 58. Kf3 Ne5+ 59. Kg3 Bg5 60. Kh3 Kf4 61. Kg2 Ke3 62. Kg3 Ke2 63. Kg2 Nd3 64. Kg3 Nf2 65. Kg2 Bf4 66. Kg1 Kf3 67. Kf1 Bh2 68. Ke1 Ne4 69. Kf1 Nd2+ 70. Ke1 Ke3 71. Kd1 Kd3 72. Ke1 Bg3+ 73. Kd1 Nc4 74. Kc1 Be5 75. Kd1 Bc3 76. Kc1 Ne3 77. Kb1 Kc4 78. Ka2 Kb4 79. Kb1 Kb3 80. Kc1 Bb4 81. Kb1 Bd2 82. Ka1 Nc2+ 83. Kb1 Na3+ 0-1